<?xml version="1.0" encoding="UTF-8"?>
<collection xmlns="http://www.loc.gov/MARC21/slim">
 <record>
  <leader>00746nta a22002538a 4500</leader>
  <controlfield tag="001">000007534</controlfield>
  <controlfield tag="003">3697</controlfield>
  <controlfield tag="005">20111005111043.0</controlfield>
  <controlfield tag="008">111005s                            viesd</controlfield>
  <datafield tag="041" ind1="0" ind2=" ">
   <subfield code="a">vie</subfield>
  </datafield>
  <datafield tag="084" ind1=" " ind2=" ">
   <subfield code="a">R61(1)</subfield>
  </datafield>
  <datafield tag="100" ind1="1" ind2=" ">
   <subfield code="a">Hoàng Thị Thành</subfield>
  </datafield>
  <datafield tag="245" ind1="1" ind2="0">
   <subfield code="a">Nhìn lại quá trình đổi mới tư duy lý luận của Đảng trong gần 20 năm qua</subfield>
   <subfield code="c">Hoàng Thị Thành</subfield>
  </datafield>
  <datafield tag="650" ind1=" " ind2="7">
   <subfield code="a">Đảng Cộng sản Việt Nam</subfield>
  </datafield>
  <datafield tag="650" ind1=" " ind2="7">
   <subfield code="a">Lí luận</subfield>
  </datafield>
  <datafield tag="650" ind1=" " ind2="7">
   <subfield code="a">Đổi mới tư duy</subfield>
  </datafield>
  <datafield tag="773" ind1="0" ind2=" ">
   <subfield code="g">2005. - Số 2. - Tr.40-47</subfield>
   <subfield code="t">Lý luận chính trị</subfield>
  </datafield>
  <datafield tag="OWN" ind1=" " ind2=" ">
   <subfield code="a">LSP</subfield>
  </datafield>
  <datafield tag="999" ind1=" " ind2=" ">
   <subfield code="a">From the UDN01</subfield>
  </datafield>
  <datafield tag="TYP" ind1=" " ind2=" ">
   <subfield code="a">Manuscripts</subfield>
  </datafield>
  <datafield tag="980" ind1=" " ind2=" ">
   <subfield code="a">Mạng thư viện Đại học Đà Nẵng</subfield>
  </datafield>
 </record>
</collection>
